[Event "DVM U20 2003"]
[Site "Ditzingen GER"]
[Date "2003.12.27"]
[Round "2"]
[White "Hörr, Christian"]
[Black "Mader, Michael"]
[Result "1/2-1/2"]
[Termination "normal"]
[Board "4.6"]
[WhiteElo "1779"]
[BlackElo "2079"]
[WhiteTeam "SK König Plauen"]
[BlackTeam "SK Ettlingen"]
[PlyCount "41"]
[BlackFideId "4696913"]
[EventCountry "GER"]
[EventRounds "7"]
[EventType "team-swiss"]
[EventDate "2003.12.26"]

1. e4 e5 2. d4 exd4 3. Nf3 Nc6 4. Bc4 Nf6 5. e5 d5 6. Bb5 Ne4 7. Nxd4 Bd7 8.
Bxc6 bxc6 9. O-O Bc5 10. Be3 O-O 11. f3 Ng5 12. f4 Ne4 13. Nd2 Nxd2 14. Qxd2
Qe7 15. f5 Qxe5 16. Rae1 Rfe8 17. c3 Qd6 18. Bf4 Qf8 19. Bxc7 Rxe1 20. Qxe1 Re8
21. Qd2 1/2-1/2

[Event "DVM U20 2003"]
[Site "Ditzingen GER"]
[Date "2003.12.27"]
[Round "2"]
[White "Buckan, Jens"]
[Black "Klinger, Sebastian"]
[Result "1-0"]
[Termination "normal"]
[Board "5.1"]
[WhiteElo "2107"]
[BlackElo "2146"]
[WhiteTeam "SV Empor Erfurt"]
[BlackTeam "TuS Geretsried"]
[PlyCount "87"]
[WhiteFideId "4684508"]
[BlackFideId "4667549"]
[EventCountry "GER"]
[EventRounds "7"]
[EventType "team-swiss"]
[EventDate "2003.12.26"]

1. e4 e6 2. d4 d5 3. Nc3 Bb4 4. e5 c5 5. Bd2 Ne7 6. Nb5 Bxd2+ 7. Qxd2 O-O 8.
dxc5 Nd7 9. f4 Nxc5 10. Bd3 b6 11. Nf3 Ba6 12. Nd6 Nc8 13. Nxc8 Qxc8 14. O-O
Bxd3 15. cxd3 Qa6 16. Rfd1 b5 17. Rac1 Rfc8 18. Nd4 Qa4 19. b4 a5 20. Rc2 Na6
21. Nc6 Rxc6 22. Rxc6 Nxb4 23. Rb6 Nxa2 24. Kh1 Rc8 25. Ra6 Nc3 26. Rc1 b4 27.
h3 g6 28. Ra7 Qb5 29. f5 exf5 30. e6 Rf8 31. Qh6 Qc5 32. Rxf7 Rxf7 33. exf7+
Kxf7 34. Qxh7+ Kf6 35. Qh8+ Kf7 36. Re1 b3 37. Qe8+ Kg7 38. Re7+ Kh6 39. Qh8+
Kg5 40. g3 Qb4 41. Qd8 Kh6 42. Qh8+ Kg5 43. Re6 Ne4 44. Qh4# 1-0

[Event "DVM U20 2003"]
[Site "Ditzingen GER"]
[Date "2003.12.27"]
[Round "2"]
[White "Motl, Martin"]
[Black "Gehlhaar, Christian"]
[Result "1-0"]
[Termination "normal"]
[Board "5.2"]
[WhiteElo "2160"]
[BlackElo "2119"]
[WhiteTeam "TuS Geretsried"]
[BlackTeam "SV Empor Erfurt"]
[PlyCount "51"]
[WhiteFideId "4667522"]
[BlackFideId "4663888"]
[EventCountry "GER"]
[EventRounds "7"]
[EventType "team-swiss"]
[EventDate "2003.12.26"]

1. d4 d5 2. Nf3 e6 3. e3 Nf6 4. Bd3 Be7 5. Nbd2 O-O 6. O-O b6 7. Ne5 Bb7 8. f4
c5 9. c3 Ba6 10. Bxa6 Nxa6 11. Rf3 Ne4 12. Rh3 f5 13. Nxe4 dxe4 14. Qh5 h6 15.
g4 Qe8 16. Ng6 fxg4 17. Qxg4 Rf6 18. Rg3 Bd6 19. Ne5 Qe7 20. Qe2 Qb7 21. Ng4
Rg6 22. Qg2 cxd4 23. exd4 Bf8 24. Nf2 Rf6 25. Nxe4 Rf7 26. Rg6 1-0

[Event "DVM U20 2003"]
[Site "Ditzingen GER"]
[Date "2003.12.27"]
[Round "2"]
[White "Michalowski, Peter"]
[Black "Herzog, Matthias"]
[Result "0-1"]
[Termination "normal"]
[Board "5.3"]
[WhiteElo "1787"]
[BlackElo "1962"]
[WhiteTeam "SV Empor Erfurt"]
[BlackTeam "TuS Geretsried"]
[PlyCount "126"]
[WhiteFideId "24609978"]
[BlackFideId "4698541"]
[EventCountry "GER"]
[EventRounds "7"]
[EventType "team-swiss"]
[EventDate "2003.12.26"]

1. e4 c5 2. Nf3 Nc6 3. d4 cxd4 4. Nxd4 Nf6 5. Nc3 e5 6. Ndb5 d6 7. Bg5 a6 8.
Na3 b5 9. Nd5 Be7 10. Bxf6 Bxf6 11. c3 O-O 12. Nc2 Bg5 13. h4 Bh6 14. g4 g6 15.
Bg2 Rb8 16. g5 Bg7 17. Qd2 Be6 18. O-O-O a5 19. Kb1 b4 20. cxb4 axb4 21. Ndxb4
Qb6 22. a3 Bb3 23. Rc1 Bxc2+ 24. Rxc2 Nxb4 25. axb4 Ra8 26. Rh3 Ra4 27. b3 Rxb4
28. Rb2 d5 29. Qe3 d4 30. Qf3 Rc8 31. Rc2 Rb8 32. Rb2 Rb5 33. Bf1 Rc5 34. Rc2
Rxc2 35. Kxc2 Qa5 36. Bc4 Rb7 37. Rh1 Qa2+ 38. Kd3 Bf8 39. h5 Bb4 40. Qe2 Ra7
41. hxg6 Qxe2+ 42. Kxe2 Ra2+ 43. Kf3 hxg6 44. Rd1 Be7 45. Rf1 Bxg5 46. Rg1 Bh4
47. Rxg6+ Kf8 48. Rg2 f6 49. Rh2 Bg5 50. Rh1 Rb2 51. Re1 Ke7 52. Re2 Rb1 53.
Ra2 Kd6 54. Ke2 Kc5 55. Rc2 Kb4 56. Bd5 Rh1 57. Bc4 Rh3 58. f3 Rh2+ 59. Kd3 Rh1
60. Ke2 Be3 61. Kd3 Rf1 62. Ke2 Rf2+ 63. Kd3 Rxf3 0-1

[Event "DVM U20 2003"]
[Site "Ditzingen GER"]
[Date "2003.12.27"]
[Round "2"]
[White "Klinger, Stefan"]
[Black "Strauch, Martin"]
[Result "1-0"]
[Termination "normal"]
[Board "5.4"]
[WhiteElo "1699"]
[BlackElo "1670"]
[WhiteTeam "TuS Geretsried"]
[BlackTeam "SV Empor Erfurt"]
[PlyCount "39"]
[EventCountry "GER"]
[EventRounds "7"]
[EventType "team-swiss"]
[EventDate "2003.12.26"]

1. d4 g6 2. Nf3 Bg7 3. Bf4 d6 4. Nbd2 Nf6 5. e4 O-O 6. Bc4 c5 7. c3 a6 8. O-O
b5 9. Bb3 Bb7 10. Qe2 Nh5 11. Bg5 Qc7 12. e5 c4 13. Bc2 f6 14. exf6 Nxf6 15.
Qe6+ Kh8 16. Rae1 Nbd7 17. Qh3 Kg8 18. Rxe7 Rf7 19. Bxf6 Rxf6 20. Qxd7 1-0

[Event "DVM U20 2003"]
[Site "Ditzingen GER"]
[Date "2003.12.27"]
[Round "2"]
[White "Schoel, Tobias"]
[Black "Klinger, Severin"]
[Result "1-0"]
[Termination "normal"]
[Board "5.5"]
[WhiteElo "1693"]
[BlackElo "1530"]
[WhiteTeam "SV Empor Erfurt"]
[BlackTeam "TuS Geretsried"]
[PlyCount "107"]
[EventCountry "GER"]
[EventRounds "7"]
[EventType "team-swiss"]
[EventDate "2003.12.26"]

1. e4 e6 2. d3 d5 3. Nd2 c5 4. Ngf3 Nc6 5. g3 d4 6. Bg2 e5 7. O-O Bd6 8. Nb3
Nge7 9. Nh4 b6 10. f4 exf4 11. gxf4 Bd7 12. Bd2 Ng6 13. Nxg6 hxg6 14. Qe2 Qh4
15. Bh1 O-O-O 16. a4 g5 17. Be1 Qh6 18. e5 Rde8 19. Qd2 Nxe5 20. fxe5 Bxe5 21.
h4 Re6 22. Be4 Bf4 23. Qg2 gxh4 24. Bd2 Be3+ 25. Bxe3 Qxe3+ 26. Kh1 g5 27. Rf3
h3 28. Qf1 Rf6 29. Rxf6 g4 30. Bf5 Qg5 31. Bxd7+ Kxd7 32. Rxf7+ Kc8 33. Qf5+
Qxf5 34. Rxf5 g3 35. Raf1 g2+ 36. Kh2 gxf1=Q 37. Rxf1 Kb7 38. Rf3 Re8 39. Kxh3
Re2 40. Kg3 Rxc2 41. Rf2 Rxf2 42. Kxf2 b5 43. Nxc5+ Kc6 44. Ne6 bxa4 45. Nxd4+
Kc5 46. Ke3 Kb4 47. Ke4 a5 48. Kd5 a3 49. Nc6+ Kb3 50. bxa3 a4 51. Kc5 Kxa3 52.
Nb4 Kb3 53. d4 a3 54. d5 1-0

[Event "DVM U20 2003"]
[Site "Ditzingen GER"]
[Date "2003.12.27"]
[Round "2"]
[White "Vintan, Cristina-Mihaela"]
[Black "Sabelfeld, Nastja"]
[Result "1/2-1/2"]
[Termination "normal"]
[Board "5.6"]
[WhiteElo "1435"]
[BlackElo "1565"]
[WhiteTeam "TuS Geretsried"]
[BlackTeam "SV Empor Erfurt"]
[PlyCount "125"]
[EventCountry "GER"]
[EventRounds "7"]
[EventType "team-swiss"]
[EventDate "2003.12.26"]

1. e4 c5 2. Nf3 d6 3. d4 cxd4 4. Nxd4 Nf6 5. Nc3 a6 6. Be2 e5 7. Nb3 Be6 8. Bg5
Be7 9. Qd2 O-O 10. O-O-O Nbd7 11. h4 h6 12. Be3 b5 13. f3 Nb6 14. Bxb6 Qxb6 15.
g4 Rfd8 16. Nd5 Bxd5 17. exd5 a5 18. Qd3 b4 19. Nd2 a4 20. Rdg1 Nh7 21. Ne4 g6
22. Qd2 Kg7 23. h5 g5 24. Ng3 Bf8 25. Qd3 Nf6 26. Rd1 b3 27. cxb3 Rdc8+ 28. Kb1
axb3 29. Qxb3 Qf2 30. Nf5+ Kg8 31. Qd3 Ra5 32. Ne3 Ra4 33. Rhf1 Qh2 34. Qb5
Rca8 35. a3 R8a5 36. Qd3 Rd4 37. Qc2 Rc5 38. Nc4 Rcxc4 39. Bxc4 Qxc2+ 40. Kxc2
Rxc4+ 41. Kb3 Rc5 42. Rd3 Nxd5 43. a4 Nb6 44. Rg1 Nc4 45. Rf1 f6 46. Ka2 Ra5
47. b3 Nb6 48. Rc1 Kf7 49. Rc7+ Ke6 50. Rb7 Nd7 51. Rb5 Rxb5 52. axb5 Nb6 53.
Kb2 f5 54. Rc3 fxg4 55. fxg4 e4 56. Kc2 Ke5 57. Rc6 Nd5 58. Kd2 e3+ 59. Ke2 Ke4
60. Rc4+ Ke5 61. Rc6 Ke4 62. Rc4+ Ke5 63. Rc6 1/2-1/2

[Event "DVM U20 2003"]
[Site "Ditzingen GER"]
[Date "2003.12.27"]
[Round "2"]
[White "Kühner, Christian"]
[Black "Ortmann, David"]
[Result "1/2-1/2"]
[Termination "normal"]
[Board "6.1"]
[WhiteElo "2174"]
[BlackElo "2280"]
[WhiteTeam "ASC Theresianum Mainz"]
[BlackTeam "TSF Ditzingen"]
[PlyCount "141"]
[WhiteFideId "4679440"]
[BlackFideId "4651588"]
[EventCountry "GER"]
[EventRounds "7"]
[EventType "team-swiss"]
[EventDate "2003.12.26"]

1. c4 c5 2. Nc3 Nf6 3. g3 e6 4. e4 Nc6 5. Bg2 d5 6. cxd5 exd5 7. exd5 Nb4 8.
Nf3 Nd3+ 9. Kf1 Be7 10. Qe2 Nb4 11. a3 Nbxd5 12. Qb5+ Bd7 13. Qxb7 Rb8 14. Qxa7
Nxc3 15. bxc3 O-O 16. d4 Bb5+ 17. Kg1 Nd5 18. Bd2 Bc6 19. Qa6 Rb6 20. Qd3 cxd4
21. Nxd4 Ba8 22. h4 Bf6 23. Kh2 Rb2 24. Rhb1 Rxb1 25. Rxb1 Nc7 26. Qc4 Bxg2 27.
Kxg2 Qe7 28. Re1 Qd7 29. Qc6 Qxc6+ 30. Nxc6 Nb5 31. a4 Nxc3 32. Bxc3 Bxc3 33.
Rc1 Bd2 34. Ne7+ Kh8 35. Rc8 Rxc8 36. Nxc8 Kg8 37. Ne7+ Kf8 38. Nc6 Ke8 39. a5
Kd7 40. Ne5+ Kc7 41. Nxf7 h6 42. a6 Kb6 43. Kf3 Kxa6 44. Nd6 Bc3 45. h5 Kb6 46.
Kg4 Kc6 47. Ne4 Bd4 48. Kf5 Kd7 49. g4 Ke7 50. Kg6 Be5 51. Ng3 Kf8 52. Nf5 Bc3
53. f3 Bb2 54. Nxh6 gxh6 55. Kxh6 Kf7 56. Kg5 Kg7 57. h6+ Kh7 58. Kh5 Bc1 59.
g5 Bd2 60. Kg4 Bc1 61. f4 Bb2 62. f5 Bc1 63. Kh5 Bb2 64. g6+ Kg8 65. Kg4 Bc1
66. h7+ Kh8 67. f6 Bb2 68. g7+ Kxh7 69. Kf5 Bxf6 70. Kxf6 Kg8 71. Kg6 1/2-1/2

[Event "DVM U20 2003"]
[Site "Ditzingen GER"]
[Date "2003.12.27"]
[Round "2"]
[White "Behm, Simon"]
[Black "Weichhold, Carsten"]
[Result "1-0"]
[Termination "normal"]
[Board "6.2"]
[WhiteElo "2045"]
[BlackElo "2013"]
[WhiteTeam "TSF Ditzingen"]
[BlackTeam "ASC Theresianum Mainz"]
[PlyCount "78"]
[WhiteFideId "4691962"]
[EventCountry "GER"]
[EventRounds "7"]
[EventType "team-swiss"]
[EventDate "2003.12.26"]

1. d4 Nf6 2. c4 g6 3. Nc3 Bg7 4. e4 d6 5. Nf3 O-O 6. Be2 e5 7. O-O Nc6 8. d5
Ne7 9. b4 a5 10. Ba3 b6 11. bxa5 Ne8 12. Bb4 bxa5 13. Ba3 f5 14. Nd2 Nf6 15. c5
Bh6 16. Nc4 Ne8 17. cxd6 cxd6 18. Nxe5 $1 dxe5 19. d6 Nxd6 (19... Nc6 20. Qd5+)
20. Qxd6 Qxd6 21. Bxd6 Ra7 22. Bc4+ Kh8 23. Nd5 Be6 24. Bxe7 Rxe7 25. Nxe7 Bxc4
26. Rfd1 fxe4 27. Nd5 Rb8 28. Ne3 Bd3 29. Rdc1 Bf8 30. Rc7 Ba3 31. Nd5 Rf8 32.
Ne3 Kg8 33. Nc4 Bb4 34. Rc1 Re8 35. Ne3 Re6 36. Ra7 h5 37. Nd5 Bf8 38. Rc8 Rd6
39. Ne7+ Kf7 1-0

[Event "DVM U20 2003"]
[Site "Ditzingen GER"]
[Date "2003.12.27"]
[Round "2"]
[White "Resa, Tobias"]
[Black "Reinhold, Dirk"]
[Result "1-0"]
[Termination "normal"]
[Board "6.3"]
[WhiteElo "1915"]
[BlackElo "2018"]
[WhiteTeam "ASC Theresianum Mainz"]
[BlackTeam "TSF Ditzingen"]
[PlyCount "95"]
[BlackFideId "4685849"]
[EventCountry "GER"]
[EventRounds "7"]
[EventType "team-swiss"]
[EventDate "2003.12.26"]

1. e4 c5 2. Nf3 d6 3. d4 cxd4 4. Nxd4 Nf6 5. Nc3 e6 6. Be3 Be7 7. Be2 O-O 8.
O-O a6 9. f4 b6 10. g4 Bb7 11. Bd3 Nc6 12. g5 Nd7 13. Qh5 Nxd4 14. Bxd4 e5 15.
Be3 exf4 16. Bxf4 Ne5 17. Rae1 Bc8 18. Re3 g6 19. Qh4 h5 20. Nd5 f6 21. Bxe5
fxg5 22. Nxe7+ Qxe7 23. Rxf8+ Qxf8 24. Qxg5 dxe5 25. Qxe5 Ra7 26. Rg3 Kh7 27.
Qg5 Rg7 28. Qe3 Qf6 29. e5 Qe6 30. Qg5 b5 31. Qxh5+ Kg8 32. Qg5 Bb7 33. Qd8+
Kh7 34. Qd6 Qe8 35. e6 Bc8 36. e7 Bd7 37. h4 Bf5 38. Bxf5 gxf5 39. Rxg7+ Kxg7
40. Qe5+ Kg6 41. Qe6+ Kh5 42. Qf6 Kg4 43. Kf2 Qb8 44. Qg5+ Kh3 45. Qxf5+ Kh2
46. Qg5 Qb6+ 47. Kf1 Qc6 48. e8=Q 1-0

[Event "DVM U20 2003"]
[Site "Ditzingen GER"]
[Date "2003.12.27"]
[Round "2"]
[White "Scheerer, Kim"]
[Black "Schilling, Christian"]
[Result "0-1"]
[Termination "normal"]
[Board "6.4"]
[WhiteElo "1389"]
[BlackElo "1649"]
[WhiteTeam "TSF Ditzingen"]
[BlackTeam "ASC Theresianum Mainz"]
[PlyCount "94"]
[EventCountry "GER"]
[EventRounds "7"]
[EventType "team-swiss"]
[EventDate "2003.12.26"]

1. e4 c5 2. Nf3 Nc6 3. d4 cxd4 4. Nxd4 e6 5. Nc3 Nf6 6. Bf4 d6 7. Nb3 a6 8. Qd2
Be7 9. O-O-O e5 10. Be3 O-O 11. f3 b5 12. Qf2 Rb8 13. h3 Qc7 14. f4 Rd8 15. g4
exf4 16. Bxf4 b4 17. Nd5 Nxd5 18. exd5 Ne5 19. Qe3 Qb6 20. Qxb6 Rxb6 21. Nd2 f5
22. gxf5 Bxf5 23. Nc4 Nxc4 24. Bxc4 a5 25. Be3 Rbb8 26. Rdf1 g6 27. Rf3 Be4 28.
Rff1 Bxh1 29. Rxh1 Rf8 30. Be2 Bf6 31. Bh6 Bg7 32. Bg5 Be5 33. Bh6 Rf2 34. Bg4
Bf4+ 35. Bxf4 Rxf4 36. Be6+ Kg7 37. Re1 Rbf8 38. Bg4 Rf1 39. Kd1 R8f2 40. Be2
Rxe1+ 41. Kxe1 Rh2 42. c4 bxc3 43. bxc3 Rxh3 44. c4 Kf6 45. c5 dxc5 46. d6 Re3
47. Kd2 Rxe2+ 0-1

[Event "DVM U20 2003"]
[Site "Ditzingen GER"]
[Date "2003.12.27"]
[Round "2"]
[White "Katte, Nicolas"]
[Black "Beeck, Alexander"]
[Result "1/2-1/2"]
[Termination "normal"]
[Board "6.5"]
[WhiteElo "1655"]
[BlackElo "1315"]
[WhiteTeam "ASC Theresianum Mainz"]
[BlackTeam "TSF Ditzingen"]
[PlyCount "32"]
[WhiteFideId "24614149"]
[EventCountry "GER"]
[EventRounds "7"]
[EventType "team-swiss"]
[EventDate "2003.12.26"]

1. e4 c5 2. Nc3 d6 3. f4 Nf6 4. Nf3 Nc6 5. Bb5 Bd7 6. d3 Rc8 7. O-O e6 8. Qe1
Be7 9. Qg3 O-O 10. Qh3 Nd4 11. Bxd7 Qxd7 12. g4 Nxc2 13. Rb1 Bd8 14. g5 Ne8 15.
b3 Bb6 16. Na4 Qb5 1/2-1/2

[Event "DVM U20 2003"]
[Site "Ditzingen GER"]
[Date "2003.12.27"]
[Round "2"]
[White "Friese, Florian"]
[Black "Pötzsch, Barnim"]
[Result "0-1"]
[Termination "normal"]
[Board "6.6"]
[WhiteElo "1085"]
[BlackElo "1467"]
[WhiteTeam "TSF Ditzingen"]
[BlackTeam "ASC Theresianum Mainz"]
[PlyCount "64"]
[EventCountry "GER"]
[EventRounds "7"]
[EventType "team-swiss"]
[EventDate "2003.12.26"]

1. e4 e5 2. Nc3 Nf6 3. Bc4 Bc5 4. Nf3 d6 5. O-O Bg4 6. d3 h6 7. h3 Bh5 8. Re1
Nc6 9. Bd2 O-O 10. Nd5 Nd4 11. c3 Nxf3+ 12. gxf3 Nxd5 13. b4 Bxf2+ 14. Kxf2
Qh4+ 15. Kg2 Nf4+ 16. Bxf4 exf4 17. Rg1 Qg3+ 18. Kf1 Qxh3+ 19. Rg2 Bxf3 20. Qd2
Qxg2+ 21. Qxg2 Bxg2+ 22. Kxg2 g5 23. Kf3 Kg7 24. Rh1 f5 25. Be6 fxe4+ 26. dxe4
Rae8 27. Bf5 d5 28. Re1 Rxf5 29. exf5 Rxe1 30. a4 Kf6 31. b5 Kxf5 32. a5 g4+
0-1

[Event "DVM U20 2003"]
[Site "Ditzingen GER"]
[Date "2003.12.27"]
[Round "2"]
[White "Koch, Moritz"]
[Black "Serbu, Eli"]
[Result "0-1"]
[Termination "normal"]
[Board "7.1"]
[WhiteElo "2230"]
[BlackElo "2144"]
[WhiteTeam "SV Puschendorf"]
[BlackTeam "SV SF Aachen-Hörn"]
[PlyCount "84"]
[WhiteFideId "4678460"]
[BlackFideId "4690990"]
[EventCountry "GER"]
[EventRounds "7"]
[EventType "team-swiss"]
[EventDate "2003.12.26"]

1. e4 c5 2. Nc3 Nc6 3. g3 d6 4. Bg2 Nf6 5. d3 g6 6. f4 Bg7 7. Nf3 Bd7 8. O-O
Qc8 9. Qe2 Nd4 10. Nxd4 cxd4 11. Nd5 Nxd5 12. exd5 Bg4 13. Qf2 h5 14. b3 h4 15.
Bb2 hxg3 16. hxg3 Qc5 17. Rfe1 Bf6 18. Re4 Rc8 19. Rc1 Bf5 20. Bxd4 Bxd4 21.
Rxd4 Qa3 22. Re1 Qxa2 23. Rc4 Rxc4 24. bxc4 b6 25. Qd4 O-O 26. Qc3 Qa4 27. Rxe7
b5 28. Be4 b4 29. Qb2 Bxe4 30. Rxe4 Qa3 31. Qd4 Qa2 32. Qf2 a5 33. f5 Qa1+ 34.
Kg2 a4 35. Re1 Qc3 36. Re2 a3 37. Qa7 Qb2 38. fxg6 fxg6 39. d4 Qb1 40. Qe7 Qf1+
41. Kh2 a2 42. Qe4 Kg7 0-1

[Event "DVM U20 2003"]
[Site "Ditzingen GER"]
[Date "2003.12.27"]
[Round "2"]
[White "Fadavian, Marius"]
[Black "Lauer, Moritz"]
[Result "1-0"]
[Termination "normal"]
[Board "7.2"]
[WhiteElo "2042"]
[BlackElo "2191"]
[WhiteTeam "SV SF Aachen-Hörn"]
[BlackTeam "SV Puschendorf"]
[PlyCount "59"]
[WhiteFideId "4686519"]
[BlackFideId "4678354"]
[EventCountry "GER"]
[EventRounds "7"]
[EventType "team-swiss"]
[EventDate "2003.12.26"]

1. d4 Nf6 2. c4 c5 3. d5 b5 4. cxb5 a6 5. bxa6 g6 6. g3 Bg7 7. Bg2 d6 8. Nc3
O-O 9. Nf3 Bxa6 10. O-O Nbd7 11. Re1 Ng4 12. Qc2 Rb8 13. Qa4 Bxc3 14. bxc3 Nde5
15. Nxe5 Nxe5 16. Qxa6 Qd7 17. e4 c4 18. Be3 Ra8 19. Qb6 Rfb8 20. Qd4 Qa4 21.
Qd1 Qa3 22. Bd4 Nd3 23. Re2 e5 24. dxe6 fxe6 25. e5 d5 26. Bh3 Ra6 27. Rb1 Rba8
28. Rb7 Qf8 29. Qb1 g5 30. Rb6 1-0

[Event "DVM U20 2003"]
[Site "Ditzingen GER"]
[Date "2003.12.27"]
[Round "2"]
[White "Lowitz, Torsten"]
[Black "Probst, Patrick"]
[Result "1/2-1/2"]
[Termination "normal"]
[Board "7.3"]
[WhiteElo "2134"]
[BlackElo "1826"]
[WhiteTeam "SV Puschendorf"]
[BlackTeam "SV SF Aachen-Hörn"]
[PlyCount "75"]
[WhiteFideId "4681924"]
[EventCountry "GER"]
[EventRounds "7"]
[EventType "team-swiss"]
[EventDate "2003.12.26"]

1. e4 e6 2. d4 d5 3. Nd2 Nf6 4. e5 Nfd7 5. Bd3 c5 6. c3 Nc6 7. Ngf3 f6 8. exf6
Nxf6 9. O-O cxd4 10. cxd4 Bd6 11. Re1 O-O 12. Nf1 Kh8 13. Ng3 Bd7 14. Ne5 Nxd4
15. Nxd7 Qxd7 16. Bxh7 Kxh7 17. Qxd4 e5 18. Qh4+ Kg8 19. Nh5 Nxh5 20. Qxh5 Rf5
21. Qg4 Qf7 22. f3 Bc5+ 23. Be3 Bxe3+ 24. Rxe3 d4 25. Re2 d3 26. Rd2 Rf4 27.
Qg5 Qd5 28. Re1 Qd4+ 29. Kh1 Rc8 30. Qg6 Rd8 31. Qe6+ Kh7 32. Rxe5 Rf6 33. Qh3+
Kg8 34. Qh5 Qf4 35. Re8+ Rxe8 36. Qxe8+ Kh7 37. Qe1 Re6 38. Qxe6 1/2-1/2

[Event "DVM U20 2003"]
[Site "Ditzingen GER"]
[Date "2003.12.27"]
[Round "2"]
[White "Jürgens, Florian"]
[Black "Moyles-Johnson, Yannick"]
[Result "1-0"]
[Termination "normal"]
[Board "7.4"]
[WhiteElo "1743"]
[BlackElo "1587"]
[WhiteTeam "SV SF Aachen-Hörn"]
[BlackTeam "SV Puschendorf"]
[PlyCount "91"]
[EventCountry "GER"]
[EventRounds "7"]
[EventType "team-swiss"]
[EventDate "2003.12.26"]

1. e4 c5 2. c3 Nc6 3. d4 e6 4. Be3 cxd4 5. cxd4 Bb4+ 6. Nc3 Nf6 7. Bd3 d6 8.
Nge2 b6 9. O-O Bxc3 10. Nxc3 Bb7 11. a3 O-O 12. Rc1 Rc8 13. Bb5 Ne7 14. f3 Ne8
15. Ba4 d5 16. e5 Nf5 17. Bf2 g6 18. Qd2 Neg7 19. g4 Nh4 20. Bxh4 Qxh4 21. Qf2
Qxf2+ 22. Rxf2 h5 23. h3 Rc4 24. Rd2 Rfc8 25. Bb3 R4c7 26. Rdc2 Ba6 27. Nxd5
Rxc2 28. Nf6+ Kf8 29. Rxc2 Rxc2 30. Bxc2 hxg4 31. fxg4 Ne8 32. Nxe8 Kxe8 33.
Kf2 Bc4 34. Ke3 g5 35. Kf3 Ke7 36. Kg3 f6 37. h4 gxh4+ 38. Kxh4 Kf7 39. exf6
Kxf6 40. g5+ Kg7 41. Kg4 Bd5 42. Kf4 a5 43. Bd3 Bb3 44. Ke5 Kf7 45. Kd6 Ba2 46.
Kc6 1-0

[Event "DVM U20 2003"]
[Site "Ditzingen GER"]
[Date "2003.12.27"]
[Round "2"]
[White "Elgourt, Maja"]
[Black "Kittler, Alexander"]
[Result "1/2-1/2"]
[Termination "normal"]
[Board "7.6"]
[WhiteElo "1486"]
[BlackElo "972"]
[WhiteTeam "SV SF Aachen-Hörn"]
[BlackTeam "SV Puschendorf"]
[PlyCount "100"]
[BlackFideId "24669954"]
[EventCountry "GER"]
[EventRounds "7"]
[EventType "team-swiss"]
[EventDate "2003.12.26"]

1. d4 Nf6 2. c4 e6 3. a3 d5 4. cxd5 exd5 5. Nc3 Be7 6. Bf4 O-O 7. Nf3 Nc6 8.
Nb5 Bg4 9. Nxc7 Rc8 10. Nb5 Qa5+ 11. Nc3 Ne4 12. Qc1 Bxf3 13. gxf3 Nxc3 14. Bd2
Nxd4 15. Bxc3 Nb3 16. Bxa5 Rxc1+ 17. Rxc1 Nxc1 18. Bh3 Nb3 19. Bd2 Nxd2 20.
Kxd2 Bf6 21. b3 Bg5+ 22. Kd3 Be7 23. a4 Bc5 24. Rf1 Rd8 25. e3 Rd6 26. Rc1 Bb6
27. b4 Rc6 28. Rxc6 bxc6 29. Bc8 c5 30. bxc5 Bxc5 31. Bb7 Kf8 32. Bxd5 Ke7 33.
f4 f5 34. Bb3 Kd6 35. Bg8 h6 36. Kc4 Bb6 37. Bf7 Ke7 38. Bd5 Ba5 39. Kd3 Kd6
40. Bc4 Be1 41. Ke2 Bc3 42. Bb5 Kc5 43. Kd3 Be1 44. Ke2 Bc3 45. Bd7 Kb4 46. Bb5
Kc5 47. Bd7 Kb4 48. f3 a5 49. Kd3 Bb2 50. h3 Ba1 1/2-1/2